000 00718nam a2200289Ia 4500
005 20260324132537.0
008 008 260324s9999 xx 000 0 eng d
020 _a9780203497401
037 _aEBOOK
040 _aCRL
040 _beng
040 _cCRL
041 _2eng
041 _aeng
084 _qCRL
100 _aJ A Mangan; Boria Majumdar; J A Mangan
_91189688
245 2 _aA Sport-Loving Society
245 0 _bVictorian and Edwardian Middle-Class England at Play
260 _bTaylor and Francis
260 _c2004
365 _a
365 _b300
856 _uhttp://www.taylorfrancis.com/books/9780203497401
942 _cEBOOK
999 _c1787883
_d1787883